[Event "Kragero op"]
[Site "Kragero"]
[Date "2020.02.21"]
[Round "6"]
[White "Tryggestad, Andreas Garberg"]
[Black "Vrolijk, Liam"]
[Result "1/2-1/2"]
[WhiteElo "2380"]
[BlackElo "2501"]
[PlyCount "49"]
[EventDate "2020.02.19"]
[EventType "swiss"]
[EventRounds "9"]
[EventCountry "NOR"]
[SourceTitle "CBM 195 Extra"]
[Source "ChessBase"]
[SourceDate "2020.05.31"]
[SourceVersion "1"]
[SourceVersionDate "2020.05.31"]
[SourceQuality "1"]

1. e4 c5 2. c3 Nf6 3. e5 Nd5 4. d4 cxd4 5. Nf3 Nc6 6. cxd4 d6 7. Bc4 Nb6 8. Bb5 dxe5 9. Nxe5 Bd7 10. Nxd7 Qxd7 11. Nc3 e6 12. 0-0 Rd8 13. Be3 Be7 14. Qb3 0-0 15. Rfd1 Qd6 16. Ne4 Qb8 17. Bxc6 bxc6 18. Rac1 Rc8 19. Bg5 Bxg5 20. Nxg5 Nd5 21. Qc2 Nf6 22. b3 Rfd8 23. Ne4 Nxe4 24. Qxe4 c5 25. dxc5 1/2-1/2

[Event "Kragero op"]
[Site "Kragero"]
[Date "2020.02.20"]
[Round "4"]
[White "Tryggestad, Andreas Garberg"]
[Black "Unneland, Mathias"]
[Result "1-0"]
[WhiteElo "2380"]
[BlackElo "2175"]
[PlyCount "41"]
[EventDate "2020.02.19"]
[EventType "swiss"]
[EventRounds "9"]
[EventCountry "NOR"]
[SourceTitle "CBM 195 Extra"]
[Source "ChessBase"]
[SourceDate "2020.05.31"]
[SourceVersion "1"]
[SourceVersionDate "2020.05.31"]
[SourceQuality "1"]

1. e4 c5 2. Nf3 Nc6 3. c3 Nf6 4. e5 Nd5 5. Bc4 Nb6 6. Bb3 d5 7. exd6 c4 8. Bc2 Qxd6 9. 0-0 Bg4 10. Qe2 0-0-0 11. b3 Qf6 12. Be4 Ne5 13. Bxb7+ Kxb7 14. Qxe5 Bxf3 15. Qxf6 gxf6 16. gxf3 Rd3 17. Re1 Rg8+ 18. Kf1 Rxf3 19. Na3 cxb3 20. axb3 Rh3 21. Nc4 1-0

[Event "Nova Gorica op 25th"]
[Site "Nova Gorica"]
[Date "2020.01.28"]
[Round "7"]
[White "Tryggestad, Andreas Garberg"]
[Black "Kozul, Zdenko"]
[Result "0-1"]
[WhiteElo "2384"]
[BlackElo "2595"]
[PlyCount "60"]
[EventDate "2020.01.24"]
[EventType "swiss"]
[EventRounds "9"]
[EventCountry "SLO"]
[SourceTitle "CBM 194"]
[Source "ChessBase"]
[SourceDate "2020.01.27"]
[SourceVersion "1"]
[SourceVersionDate "2020.01.27"]
[SourceQuality "1"]

1. e4 c5 2. c3 Nf6 3. e5 Nd5 4. Nf3 e6 5. d4 cxd4 6. cxd4 d6 7. Bd2 Bd7 8. Nc3 Bc6 9. Bc4 Nxc3 10. Bxc3 dxe5 11. dxe5 Qxd1+ 12. Rxd1 Nd7 13. 0-0 Rc8 14. Be2 Bd5 15. a3 Bxa3 16. Nd4 Bc5 17. Nf5 g6 18. Nh6 Ke7 19. h4 Rhd8 20. Kh2 Kf8 21. h5 Be7 22. Ng4 Bc4 23. Rfe1 Bxe2 24. Rxe2 gxh5 25. Nf6 Nxf6 26. Rxd8+ Bxd8 27. exf6 Rc4 28. Kh3 Rf4 29. Be5 Rf5 30. f3 Bxf6 0-1

[Event "Nova Gorica op 25th"]
[Site "Nova Gorica"]
[Date "2020.01.25"]
[Round "3"]
[White "Tryggestad, Andreas Garberg"]
[Black "Bruaset, Eivind"]
[Result "1-0"]
[WhiteElo "2384"]
[BlackElo "2217"]
[PlyCount "109"]
[EventDate "2020.01.24"]
[EventType "swiss"]
[EventRounds "9"]
[EventCountry "SLO"]
[SourceTitle "CBM 194"]
[Source "ChessBase"]
[SourceDate "2020.01.27"]
[SourceVersion "1"]
[SourceVersionDate "2020.01.27"]
[SourceQuality "1"]

1. e4 e6 2. d4 d5 3. Nc3 dxe4 4. Nxe4 Nd7 5. Nf3 Ngf6 6. Nxf6+ Nxf6 7. Be3 Bd6 8. Qd2 0-0 9. Bd3 Nd5 10. 0-0-0 Nb4 11. Kb1 Nxd3 12. Qxd3 Qf6 13. h4 b6 14. Ng5 Qf5 15. Qe2 Bb7 16. g4 Qf6 17. Qd3 Qg6 18. Qxg6 fxg6 19. Nxe6 Bxh1 20. Rxh1 Rfe8 21. d5 b5 22. h5 c6 23. hxg6 hxg6 24. Nd4 cxd5 25. Nxb5 Be5 26. Bxa7 Re7 27. Re1 Kf7 28. c3 Kf6 29. Be3 Ra4 30. Nd4 Bf4 31. b3 Ra6 32. g5+ Kf7 33. Nc2 Bxe3 34. Nxe3 Re5 35. a4 Rxg5 36. Kb2 Ke6 37. a5 Kd6 38. b4 Kc6 39. Kb3 Re5 40. Rg1 g5 41. Nc2 Kb7 42. Nd4 Rf6 43. Rg2 Rf4 44. b5 g4 45. Kb4 Re8 46. Rh2 Rc8 47. Rh7 Rc4+ 48. Kb3 Rf7 49. Rh5 Rc5 50. Re5 Rxf2 51. a6+ Kb6 52. Re6+ Ka5 53. a7 Rxb5+ 54. Nxb5 Rf8 55. Nc7 1-0